<?xml version="1.0" encoding="UTF-8"?>
<record
    xmlns:xsi="http://www.w3.org/2001/XMLSchema-instance"
    xsi:schemaLocation="http://www.loc.gov/MARC21/slim http://www.loc.gov/standards/marcxml/schema/MARC21slim.xsd"
    xmlns="http://www.loc.gov/MARC21/slim">

  <leader>01143nam a2200193Ia 4500</leader>
  <controlfield tag="005">20240711154835.0</controlfield>
  <controlfield tag="008">220524s9999    xx            000 0 und d</controlfield>
  <datafield tag="020" ind1=" " ind2=" ">
    <subfield code="a">9781847325945</subfield>
  </datafield>
  <datafield tag="041" ind1=" " ind2=" ">
    <subfield code="a">eng</subfield>
  </datafield>
  <datafield tag="082" ind1=" " ind2=" ">
    <subfield code="a">746.92</subfield>
    <subfield code="b">RHO</subfield>
  </datafield>
  <datafield tag="100" ind1=" " ind2=" ">
    <subfield code="a">Rhodes Zandra</subfield>
    <subfield code="9">207880</subfield>
  </datafield>
  <datafield tag="245" ind1=" " ind2=" ">
    <subfield code="a">Vintage Fashion : Collecting And Wearing Designer Classics</subfield>
  </datafield>
  <datafield tag="260" ind1=" " ind2=" ">
    <subfield code="b">Carlton</subfield>
    <subfield code="c">2010</subfield>
  </datafield>
  <datafield tag="300" ind1=" " ind2=" ">
    <subfield code="a">223</subfield>
  </datafield>
  <datafield tag="520" ind1=" " ind2=" ">
    <subfield code="a">&#x2022;	1900 -29 From the Belle Epoque to the Flapper, Rising Hemlines, Hobble Skirts and the Cocktail Frock
&#x2022;	1930s The Age of Art Deco, Elsa Schiaparelli, Coco Chanel and Hollywood High Glamour
&#x2022;	1940s The World at War, the Utility Wardrobe, America Steps in all Hail the New Look
&#x2022;	1950s Fit or Flounce Silhouettes, Christian Dior and Hubert de Givenchy, a New Luxury
&#x2022;	1960s Swinging London, Space age Design, cut-Outs and Miniskirts, Psychedelia
&#x2022;	1970s Punk Fashions and back to Nature, arts and Crafts revivals, Glam rock and the Disco Era
&#x2022;	1989s Shoulders and Suits, American Tailoring, Puttball Skirts and Mini-Crinis, the Decode of the Body

</subfield>
  </datafield>
  <datafield tag="650" ind1=" " ind2=" ">
    <subfield code="a">Vintage Fashion </subfield>
    <subfield code="9">207881</subfield>
  </datafield>
  <datafield tag="906" ind1=" " ind2=" ">
    <subfield code="a">1043</subfield>
  </datafield>
  <datafield tag="942" ind1=" " ind2=" ">
    <subfield code="c">BK</subfield>
  </datafield>
  <datafield tag="999" ind1=" " ind2=" ">
    <subfield code="c">5710</subfield>
    <subfield code="d">5710</subfield>
  </datafield>
  <datafield tag="952" ind1=" " ind2=" ">
    <subfield code="0">0</subfield>
    <subfield code="1">0</subfield>
    <subfield code="2">ddc</subfield>
    <subfield code="4">0</subfield>
    <subfield code="7">0</subfield>
    <subfield code="a">SOFT</subfield>
    <subfield code="b">SOFT</subfield>
    <subfield code="d">2014-08-10</subfield>
    <subfield code="e">Honesty Sub. Agency</subfield>
    <subfield code="g">692.30</subfield>
    <subfield code="l">1</subfield>
    <subfield code="o">746.92 RHO</subfield>
    <subfield code="p">SOFT-BK-1042</subfield>
    <subfield code="r">2024-04-18 00:00:00</subfield>
    <subfield code="s">2024-04-05</subfield>
    <subfield code="v">692.30</subfield>
    <subfield code="w">2022-07-08</subfield>
    <subfield code="y">BK</subfield>
    <subfield code="z">001042</subfield>
  </datafield>
</record>
